| 000 | 00670nam a22002172 4500 | ||
|---|---|---|---|
| 001 | 0000020477 | ||
| 005 | 20151217152215.0 | ||
| 008 | 110919s xx 000 0 eng d | ||
| 020 | _a0521680516 : | ||
| 040 |
_aKABU _cKABU |
||
| 245 | 1 | 4 |
_aThe Cambridge handbook of personality psychology / _cedited by Philip J. Corr and Gerald Matthews. |
| 250 | _a1st ed. | ||
| 260 |
_aCambridge : _bC. U. P., _c2009. |
||
| 300 | _aliv, 850 p. | ||
| 650 | 0 |
_aPersonality. _@0000100924 |
|
| 700 | 1 |
_aCorr, Philip J. _@0000180754 |
|
| 700 | 1 |
_aMatthews, Gerald. _@0000180755 |
|
| 852 | 1 | _9p7285 KES | |
| 908 | _a110919 | ||
| 950 | _@1 | ||
| 999 |
_c9352 _d9352 |
||